| 000 | 00657nam a2200169 i 4500 | ||
|---|---|---|---|
| 001 | 154891 | ||
| 003 | ES-MaACL | ||
| 005 | 20230906205907.0 | ||
| 008 | 010313s1877 sp |||| | spa d | ||
| 040 |
_aCCPB | B _bspa _cCCPB | B |
||
| 100 | 1 |
_aGuichot, Joaquín ( _d1820-1906) _9151747 |
|
| 245 | 1 | 0 |
_aMemoria de las inundaciones de Sevilla _b: en los meses de diciembre del año 1876 y enero de 1877 / _cescrita por J. Guichot. |
| 260 |
_aSevilla : _b[s.n.], _c1877 ( _fimprenta de Gironés y Orduña) |
||
| 300 |
_aVII, 134 p. ; _c24 cm. |
||
| 650 | 4 |
_aInundaciones- _zSevilla- _y1876-1877. _9136310 |
|
| 852 |
_aES-MaACL _jG-11892 _z-- Enc. pasta española |
||
| 999 |
_c154891 _d154891 |
||